| 000 | 00977cam a2200253 a 4500 | ||
|---|---|---|---|
| 999 |
_c14071 _d14071 |
||
| 020 | _a053116960X | ||
| 020 | _a9780439097376 | ||
| 082 | _aFic B9342 1999 | ||
| 100 | 1 |
_aBurnett, Frances Hodgson, _d1849-1924. |
|
| 245 | 1 | 4 |
_aThe secret garden / _cby Frances Hodgson Burnett ; with an introduction by Ann M. Martin. |
| 260 |
_aNew York : _bScholastic Inc., _cc1999. |
||
| 300 | _a298 p. | ||
| 490 | 0 | _aScholastic classics | |
| 520 | _aThe story of a ten-year-old orphan who goes to live in a lonely house on the Yorkshire moors, where she discovers an invalid cousin and the mysteries of a locked garden. | ||
| 526 | _aFICTION | ||
| 650 | 1 | _aOrphans--Fiction. | |
| 650 | 1 | _aGardens--Fiction. | |
| 650 | 1 | _aFriendship--Fiction. | |
| 650 | 1 | _aPeople with disabilities--Fiction. | |
| 650 | 1 | _aGreat Britain--History--Edward VII, 1901-1910--Fiction. | |
| 650 | 1 | _aYorkshire (England)--History--20th century--Fiction. | |
| 700 | _aMartin, Ann M. | ||
| 942 |
_2ddc _cBK |
||